000 00650cab a2200217 4500
001 WB3205-06
008 090401t1996 xxu||||| |||| 00| 0 eng d
035 _a(Sirsi) u14001
041 _aeng
245 _aImmunity clause to be dropped
260 _c1996
350 _a0
490 _aConstruction News
_v(6450) 1 February 1996, 4(1)
520 _aConsiders the implications of government plans to scrap the provision of crown immunity from the Latham Bill.
650 _aCONSTRUCTION BILL
650 _aCROWN IMMUNITY
650 _aLEGISLATION
690 _aBUILT ENVIRONMENT-BUILDING CONTRACT FORMS
942 _n0
948 _c04/03/1997
999 _c9065
_d9065